[Event "GER-chT U18 Girls"]
[Site "Germany"]
[Date "2012.05.04"]
[Round "1.1"]
[White "Von der Heyde, Emma Lotte"]
[Black "Kim, Yu Mi"]
[Result "0-1"]
[WhiteElo "800"]
[BlackElo "1239"]
[PlyCount "44"]
[EventDate "2012.05.04"]
[EventType "team-swiss"]
[EventRounds "7"]
[EventCountry "GER"]
[SourceTitle "EXT 2014"]
[Source "ChessBase"]
[SourceDate "2013.11.20"]
[SourceVersion "1"]
[SourceVersionDate "2013.11.20"]
[SourceQuality "1"]
[WhiteTeam "Broderstorf SadC (W)"]
[BlackTeam "Trier (W)"]
[WhiteTeamCountry "GER"]
[BlackTeamCountry "GER"]

1. e4 e5 2. Nf3 Nc6 3. Nc3 Bc5 4. Na4 Bb6 5. Bc4 Nf6 6. Nc3 d6 7. 0-0 Bg4 8. d3 h6 9. h3 Bh5 10. Na4 Nd4 11. Nxb6 axb6 12. Bb5+ c6 13. Bc4 0-0 14. c3 Nxf3+ 15. gxf3 d5 16. Bb3 dxe4 17. Qe1 Bxf3 18. Be3 Qd7 19. Kh2 Qf5 20. Rg1 Qh5 21. d4 Bg4 22. Bd1 Qxh3# 0-1